Elektromobilita v Európskej únii bakalárska práca

Guardado en:
Detalles Bibliográficos
Autor principal: Moravec, Michal
Autor Corporativo: Obchodná fakulta EU. Katedra marketingu
Otros Autores: Rehák, Róbert, 1984-
Formato: Libro
Lenguaje:eslovaco
Publicado: Bratislava 2021
Etiquetas: Agregar Etiqueta
Sin Etiquetas, Sea el primero en etiquetar este registro!

MARC

LEADER 00000nbm a2200000 4500
001 0275934
005 20220127122215.7
041 0 |a slo 
044 |a SK 
245 1 0 |a Elektromobilita v Európskej únii  |b bakalárska práca  |c Michal Moravec ; školiteľ: Róbert Rehák 
264 1 |a Bratislava  |c 2021 
300 |a 45 s. 
100 1 |a Moravec, Michal 
700 1 |a Rehák, Róbert, 1984- 
710 2 |a Obchodná fakulta EU. Katedra marketingu